00618nam a2200217Ia 4500008004100000041001200041082000800053082001100061100001500072100001100087245004900098260001100147260002800158260000900186300001500195365002500210650002300235942000700258999001900265952011600284150909s9999 xx 000 0 und d aEnglish a796 bKAN/CU aKane J.E  eEditor aCurriculum development in physical education aLondon bCrosby Lockwood Staples c1976 a192 Pages aUKP.7.50  aPhysical education cBK c250699d250699 00104070aKAUCOAbKAUCOAd2022-03-03l0o796 KAN/CUpKAU-COA-9091 r2015-09-16 00:00:00w2015-09-16yBK